000 01201nam a22001937a 4500
999 _c69230
_d69230
005 20260216160232.0
008 s2555 th ||||| |||| 00| 0 tha d
040 _aNALT
090 _aIS 6/2555 19
100 0 _aภคมน ทิพย์โกศัย
_944536
245 1 0 _aการเพิ่มประสิทธิภาพการผลิตรายการโทรทัศน์รัฐสภา :
_bรายการ "ภาษาจากข่าว" ทางสถานีวิทยุโทรทัศน์รัฐสภาผ่านดาวเทียม /
_cภคมน ทิพย์โกศัย.
260 _aกรุงเทพฯ :
_bรัฐสภา,
_c2555.
300 _a37 หน้า :
_bภาพประกอบ, ตาราง ;
_c30 ซม.
610 2 4 _944537
_aสถานีวิทยุโทรทัศน์รัฐสภาผ่านดาวเทียม
_xการผลิตและการกำกับรายการ
850 _aNALT
856 4 0 _uhttps://hdl.handle.net/20.500.14156/368384
942 _cIS
_2local
_02
998 _j111
_k นางสาวพจพิณ พรมเอี่ยม